000 00348nam a2200133Ia 4500
005 20260328104344.0
008 260328s9999||||xx |||||||||||||| ||und||
100 _aAsensio Cerver, Francisco
245 0 _aAtlas de Arquitectura Actual /
_cFrancisco Asensio Cerver
260 _bKönemann
300 _a998 p.
650 _aAEROPUERTO
942 _cBK
999 _c12218
_d12218